000 00514nam a2200193Ia 4500
008 151119s9999||||xx |||||||||||||| ||und||
082 _a891.46308
082 _bGKKV26440
100 _a"देसाई, माधवी"
245 _aदेवराई
260 _aमुंबई
260 _b-
260 _c2009
600 _a"देसाई, माधवी"
630 _aदेवराई
700 _a"देसाई, माधवी"
730 _aदेवराई
942 _cBOOK
999 _c1078919
_d1078916